000
00279nam a2200097 a 4500
005
20201002031445.0
008
130513s2004 000 spa d
245
0
_a
Memoria 2003 : Cooperativa de ahorro y créditos maimón, inc.
260
_a
Maimón, Bonao,
_c
s.f.
999
_c
38494
_d
38494
040
_a
DO-SdBNP